| 000 -ლიდერი |
| ფიქსირებული სიგრძის საკონტროლო ველი |
01088nam a2200193Ia 4500 |
| 001 - საკონტროლო ნომერი |
| საკონტროლო ველი |
3608 |
| 003 - საკონტროლო ნომრის იდენტიფიკატორი |
| საკონტროლო ველი |
GE_BSU |
| 005 - ბოლო ოპერაციის თარიღი და დრო |
| საკონტროლო ველი |
20190626204656.0 |
| 008 - ფიქსირებული სიგრძის მონაცემთა ელემენტები - ზოგადი ინფორმაცია |
| ფიქსირებული სიგრძის საკონტროლო ველი |
181216s2007||||ge |||||||||||||| ||geo|| |
| 040 ## - კატალოგიზაციის წყარო |
| Transcribing agency |
GE_BSU |
| 041 ## - ენის კოდი |
| Language code of text/sound track or separate title |
geo |
| 080 ## - უნივერსალური ათობითი კლასიფიკაციის ინდექსი |
| Universal Decimal Classification number |
34(479.223)(094.1) ა–95 |
| 245 ## - ცნობა სათაურის შესახებ |
| Title |
აჭარის ავტონომიური რესპუბლიკა : |
| Remainder of title |
საკანონმდებლო აქტების კრებული, 2004-2007 / |
| Medium |
რედ. პეტრე ზამბახიძე. |
| 264 ## - წარმოების, გამოცემის, დისტრიბუციის და სხვა ცნობები |
| გამოცემის, წარმოების, დისტრიბუციის... ადგილი |
ბათუმი : |
| გამოცემის, წარმოების, დისტრიბუციის... სახელწოდება |
აჭარის ა/რ უმაღლ. საბჭოს საკონსტიტუციო, იურიდ. და საპროც. საკითხთა კომიტეტი, |
| გამოცემის, წარმოების, დისტრიბუციის... თარიღი |
2007. |
| 300 ## - ფიზიკური აღწერა |
| Extent |
393 გვ.; |
| Other physical details |
29 სმ. |
| 653 ## - INDEX TERM--UNCONTROLLED |
| Uncontrolled term |
აჭარის ავტონომიური რესპუბლიკის საკანონმდებლო აქტები |
| 700 ## - ADDED ENTRY--PERSONAL NAME |
| Personal name |
ზამბახიძე, პეტრე |
| Relator term |
რედაქტორი |
| 9 (RLIN) |
2981 |
| 942 ## - ADDED ENTRY ELEMENTS (KOHA) |
| Koha item type |
წიგნი |
| Source of classification or shelving scheme |
|